Logo BPK

Biblioteka

Politechniki Koszalińskiej

Gotowe wystąpienia i teksty okolicznościowe dla kadry kierowniczej : (Rekord nr 35036)

Szczegóły MARC
000 -ETYKIETA REKORDU
podpole kontrolne o stałej długości 00957nam a2200277 i 4500
001 - NUMER KONTROLNY REKORDU
pole kontrolne bg
020 ## - MIĘDZYNARODOWY ZNORMALIZOWANY NUMER KSIĄŻKI - ISBN
ISBN 8390933381 (ed. podst.)
020 ## - MIĘDZYNARODOWY ZNORMALIZOWANY NUMER KSIĄŻKI - ISBN
ISBN 8388850482 (aktualiz. marzec 2002)
040 ## - ŹRÓDŁO KATALOGOWANIA
Instytucja, która utworzyła rekord BPK
041 0# - KOD JĘZYKA
Kod języka tekstu pl
080 ## - UNIWERSALNA KLASYFIKACJA DZIESIĘTNA - UKD
UKD 659.4:808.5:316.47:316.77](083.1)
920 ## - Międzynarodowy znormalizowany numer książki – ISBN
ISBN 83-909333-8-1 (ed. podst.)
920 ## - Międzynarodowy znormalizowany numer książki – ISBN
ISBN 83-88850-48-2 (aktualiz. marzec 2002)
008 - POLE O STAŁEJ DŁUGOŚCI - DANE KONTROLNE
podpole kontrolne o stałej długości s pl f |000 0 pol
245 00 - TYTUŁ/ODPOWIEDZIALNOŚĆ
Tytuł Gotowe wystąpienia i teksty okolicznościowe dla kadry kierowniczej :
Ciąg dalszy tytułu praktyka komunikowania się i budowy wizerunku.
Oznaczenie części/sekcji dzieła T.2 /
Pozostałe elementy strefy tytułu i oznaczenia odpowiedzialności [Piotr Andrzejewski et al.] ; pod red. Piotra Andrzejewskiego.
250 ## - STREFA WYDANIA
Oznaczenie wydania Aktualizacja bieżąca.
260 ## - STREFA ADRESU WYDAWNICZEGO
Miejsce wydania Poznań :
Nazwa wydawcy/dystrybutora "Forum",
Data publikacji, dystrybucji/powstania dokumentu 1999-.
300 ## - STREFA OPISU FIZYCZNEGO
Objętość Skoroszyt ;
Rozmiary 21 cm.
650 #9 - HASŁO PRZEDMIOTOWE W FORMIE NAZWY OGÓLNEJ LUB JEDNOSTKOWEJ
Nazwa ogólna lub geograficzna Wystąpienia i prezentacje
650 #9 - HASŁO PRZEDMIOTOWE W FORMIE NAZWY OGÓLNEJ LUB JEDNOSTKOWEJ
Nazwa ogólna lub geograficzna Retoryka
650 #9 - HASŁO PRZEDMIOTOWE W FORMIE NAZWY OGÓLNEJ LUB JEDNOSTKOWEJ
Nazwa ogólna lub geograficzna Public relations
Określnik ogólny poradnik
650 #9 - HASŁO PRZEDMIOTOWE W FORMIE NAZWY OGÓLNEJ LUB JEDNOSTKOWEJ
Nazwa ogólna lub geograficzna Komunikacja społeczna
655 ## - TERMIN INDEKSOWY - OKREŚLENIE RODZAJU/FORMY DOKUMENTU
Określenie rodzaju/formy dokumentu Poradniki
700 1# - HASŁO DODATKOWE - NAZWA OSOBOWA
Nazwa osobowa ANDRZEJESKI, Piotr
856 ## - LOKALIZACJA I DOSTĘP DO ELEKTRONICZNYCH DOKUMENTÓW ZDALNYCH
Link (URL) http://koha.tu.koszalin.pl/cgi-bin/koha/opac-detail.pl?biblionumber=35036
Tekst linku Katalog online BPK
942 ## - DODATKOWE ELEMENTY (KOHA)
Typ dokumentu Katalog
Egzemplarze
Wycofany Status egzemplarza Uszkodzony Dostępność Lokalizacja stała Lokalizacja bieżąca Miejsce przechowywania Sygnatura Kod kreskowy Ostatnio wypożyczono Typ dokumentu
      Dostępny Biblioteka Politechniki Koszalińskiej Biblioteka Politechniki Koszalińskiej Wypożyczalnia BG KC 3213 01672893 25.02.2013 Katalog
© 2023 Biblioteka Politechniki Koszalińskiej :: KOHA